Infinite possibilities (Record no. 951)

MARC details
000 -LEADER
fixed length control field 00596nam a2200205 a 4500
005 - DATE AND TIME OF LATEST TRANSACTION
control field 20260322212040.0
008 - FIXED-LENGTH DATA ELEMENTS--GENERAL INFORMATION
fixed length control field data
020 ## - INTERNATIONAL STANDARD BOOK NUMBER
International Standard Book Number 0739433857
020 ## - INTERNATIONAL STANDARD BOOK NUMBER
International Standard Book Number 9780739433850
040 ## - CATALOGING SOURCE
Original cataloging agency Donation
099 ## - LOCAL FREE-TEXT CALL NUMBER (OCLC)
Classification number HEINLR
001 - CONTROL NUMBER
control field data
100 1# - MAIN ENTRY--PERSONAL NAME
Personal name Heinlein, Robert A.
245 10 - TITLE STATEMENT
Title Infinite possibilities
Statement of responsibility, etc. Robert A. Heinlein.
260 ## - PUBLICATION, DISTRIBUTION, ETC.
Place of publication, distribution, etc. [S.l.]
Name of publisher, distributor, etc. SFBC
Date of publication, distribution, etc. c2002
300 ## - PHYSICAL DESCRIPTION
Extent 568 p. ;
Dimensions 22 cm.
500 ## - GENERAL NOTE
General note Published by arrangement with Simon & Schuster Children's Publishing.
520 ## - SUMMARY, ETC.
Summary, etc. Contents: Tunnel in the sky -- Time for the stars -- Citizen of the galaxy.
650 #4 - SUBJECT ADDED ENTRY--TOPICAL TERM
Topical term or geographic name entry element Science fiction.
Holdings
Withdrawn status Lost status Damaged status Not for loan Home library Current library Shelving location Date acquired Total checkouts Full call number Barcode Date last seen Price effective from Koha item type
        Franklin Franklin General stacks 22/03/2026   GEN BC0010983 22/03/2026 22/03/2026 Books